各声母最南端的中国城市 - Statistics

General Stats
  • This quiz has been taken 15 times
  • The average score is 53 of 119
Answer Stats
声母 北纬 省级行政区 城市 % Correct
b 21.5 广西壮族自治区 北海市
85%
b 23.9 广西壮族自治区 百色市
77%
h 20 海南省 海口市
77%
n 22.8 广西壮族自治区 南宁市
77%
s 16.5 海南省 三沙市
77%
s 18.3 海南省 三亚市
77%
sh 22.5 广东省 深圳市
77%
w 18.8 海南省 五指山市
77%
w 19.5 海南省 文昌市
77%
b 25.1 云南省 保山市
69%
ch 22.4 广西壮族自治区 崇左市
69%
d 19.1 海南省 东方市
69%
m 24.3 广东省 梅州市
69%
q 19.3 海南省 琼海市
69%
t 23 台湾省 台南市
69%
t 24.2 台湾省 台中市
69%
w 23.4 云南省 文山市
69%
y 22.7 广西壮族自治区 玉林市
69%
zh 22.3 广东省 珠海市
69%
d 19.5 海南省 儋州市
62%
f 21.7 广西壮族自治区 防城港市
62%
f 23 广东省 佛山市
62%
f 26.1 福建省 福州市
62%
g 23.1 广东省 广州市
62%
h 23.1 广东省 惠州市
62%
j 23.6 广东省 揭阳市
62%
l 20.9 广东省 雷州市
62%
m 21.7 广东省 茂名市
62%
r 29.3 西藏自治区 日喀则市
62%
sh 23.4 广东省 汕头市
62%
w 18.8 海南省 万宁市
62%
y 21.9 广东省 阳江市
62%
c 38.3 河北省 沧州市
54%
ch 23.7 广东省 潮州市
54%
ch 25 云南省 楚雄市
54%
ch 25.8 湖南省 郴州市
54%
g 21.9 广东省 高州市
54%
g 22.6 台湾省 高雄市
54%
g 23.1 广西壮族自治区 贵港市
54%
j 23.5 台湾省 嘉义市
54%
k 24.9 云南省 昆明市
54%
l 23.8 广西壮族自治区 来宾市
54%
p 22.8 云南省 普洱市
54%
p 23.3 广东省 普宁市
54%
sh 22.8 广东省 汕尾市
54%
t 22.8 台湾省 台东市
54%
w 21.4 广东省 吴川市
54%
x 24.5 福建省 厦门市
54%
zh 21.3 广东省 湛江市
54%
zh 22.5 广东省 中山市
54%
韵母 22.2 广东省 恩平市
54%
b 22.7 广西壮族自治区 北流市
46%
d 21.6 广西壮族自治区 东兴市
46%
j 22 云南省 景洪市
46%
j 22.6 广东省 江门市
46%
k 22.4 广东省 开平市
46%
l 22.8 广东省 罗定市
46%
p 22.1 广西壮族自治区 凭祥市
46%
p 22.7 台湾省 屏东市
46%
q 22 广西壮族自治区 钦州市
46%
q 25.5 云南省 曲靖市
46%
r 24 云南省 瑞丽市
46%
x 24.8 台湾省 新竹市
46%
y 22.2 广东省 阳春市
46%
zh 23.1 广东省 肇庆市
46%
b 27.3 贵州省 毕节市
38%
c 22.9 广西壮族自治区 岑溪市
38%
c 30.2 浙江省 慈溪市
38%
d 23 广东省 东莞市
38%
f 25.7 福建省 福清市
38%
g 23.4 云南省 个旧市
38%
h 21.7 广东省 化州市
38%
m 23.4 云南省 蒙自市
38%
n 23.9 台湾省 南投市
38%
n 25.1 广东省 南雄市
38%
n 26.7 福建省 宁德市
38%
q 23.7 广东省 清远市
38%
r 25.9 江西省 瑞金市
38%
r 27.8 浙江省 瑞安市
38%
s 23.3 广东省 四会市
38%
sh 24.8 广东省 韶关市
38%
t 22.3 广东省 台山市
38%
y 22.9 广东省 云浮市
38%
z 29.3 四川省 自贡市
38%
韵母 30.3 湖北省 恩施市
38%
ch 24.7 云南省 澄江市
31%
h 22.8 广东省 鹤山市
31%
l 21.6 广东省 廉江市
31%
l 22.9 广东省 陆丰市
31%
n 25 福建省 南安市
31%
p 23.3 广西壮族自治区 平果市
31%
q 24.9 福建省 泉州市
31%
s 26.3 福建省 三明市
31%
z 26 湖南省 资兴市
31%
z 30.1 四川省 资阳市
31%
c 28 西藏自治区 错那市
23%
k 26.6 贵州省 凯里市
23%
m 24.4 云南省 弥勒市
23%
x 22.4 广东省 信宜市
23%
x 24.1 广东省 兴宁市
23%
x 25 台湾省 新北市
23%
zh 24.1 台湾省 彰化市
23%
韵母 26.3 贵州省 安顺市
23%
d 23.7 台湾省 斗六市
15%
h 22.7 广西壮族自治区 横州市
15%
j 23.1 广西壮族自治区 靖西市
15%
k 23.7 云南省 开远市
15%
k 30 四川省 康定市
15%
r 27.8 贵州省 仁怀市
15%
s 30.2 湖北省 松滋市
15%
sh 24.7 福建省 石狮市
15%
z 27.7 贵州省 遵义市
15%
z 32.1 湖北省 枣阳市
15%
韵母 24.9 云南省 安宁市
15%
韵母 29.6 四川省 峨眉山市
15%
f 26.7 贵州省 福泉市
8%
m 23.6 台湾省 马公市
8%
t 23.5 台湾省 太保市
8%
y 24 台湾省 员林市
8%
No matching quizzes found
Score Distribution
Percent of People with Each Score
Percentile by Number Answered
Your Score History
You have not taken this quiz